Strategický manažment identity mesta: corporate identity alebo place branding?
Identita mesta, jej zachovanie, manažment, perspektívy a sociálna dynamika s ňou spojená boli predmetom mnohých výskumov na lokálnej, regionálnej, národnej aj celoeurópskej úrovni. Európsky priestorový rozvoj založený na vyprofilovanej teritoriálnej a sociálnej kohézii miest a regiónov je proces pre...
Gespeichert in:
| 1. Verfasser: | |
|---|---|
| Weitere Verfasser: | |
| Format: | Buchkapitel |
| Sprache: | Slowakisch |
| Schlagworte: | |
| Tags: |
Keine Tags, Fügen Sie das erste Tag hinzu!
|
MARC
| LEADER | 00000nla a2200000 4500 | ||
|---|---|---|---|
| 001 | 0230196 | ||
| 005 | 20240417075116.1 | ||
| 041 | 0 | |a slo | |
| 044 | |a SK | ||
| 245 | 1 | 0 | |a Strategický manažment identity mesta: corporate identity alebo place branding? |c Matej Jaššo, Michal Hajduk |
| 520 | |a Identita mesta, jej zachovanie, manažment, perspektívy a sociálna dynamika s ňou spojená boli predmetom mnohých výskumov na lokálnej, regionálnej, národnej aj celoeurópskej úrovni. Európsky priestorový rozvoj založený na vyprofilovanej teritoriálnej a sociálnej kohézii miest a regiónov je proces prekračujúci púhu agregáciu priestorových štruktúr. Podpora jedinečnej a konkurencieschopnej identity európskych miest sa stala zvlášť dôležitou práve teraz, keď mestá čelia tlakom globálnych kríz, pokúšajúc si uchovať svoj ekonomický, demografický a sociálny potenciál. Identifikácia s mestom, jeho pozitívna akceptácia obyvateľmi a ich ochota participovať na jeho priestorovom rozvoji sa stala významnou zložkou teritoriálneho kapitálu. Stručný pohľad na efektivitu jednotlivých nástrojov strategického manažmentu identity mesta a na proces integrácie identity mesta do moderného strategického plánovania. Teória a aplikácia nástrojov Place Branding a Corporate Identity mesta, ich vzájomný vzťah a obsahový prienik. | ||
| 610 | 2 | 0 | |a budovanie značky |
| 610 | 2 | 0 | |a marketing mestský |
| 610 | 2 | 0 | |a identita |
| 610 | 2 | 0 | |a manažment |
| 610 | 2 | 0 | |a štruktúra sídelná |
| 610 | 2 | 0 | |a mestá |
| 100 | 1 | |a Jaššo, Matej | |
| 700 | 1 | |a Hajduk, Michal | |